000 01054nac a22002291u 4500
010 _a2002276271
020 _a8178086298
082 0 0 _a621.367
_bG6431
090 _c948
_d948
100 _aGonzalez, Rafael C.
245 1 0 _aDigital image processing /
_cRafael C. Gonzalez, Richard E. Woods.
250 _a2nd ed.
260 _aNew Delhi :
_bPearson Education,
_cc2002.
300 _axx, 793 p. :
_bill. ;
_c25 cm.
504 _aIncludes bibliographical references and index.
650 0 _aImage processing
_xDigital techniques.
700 1 _aWoods, Richard E.
_q(Richard Eugene),
_d1954-
856 4 1 _3Table of contents
_uhttp://www.loc.gov/catdir/toc/fy031/2002276271.html
942 _cBB
_k621.367G6431
999 _c948
_d948